Superlativos de Países Asiáticos - Estadísticas

Estadísticas generales
  • Esta prueba ha sido intentada 3.718 veces
  • La puntuación promedio es 13 de 24
Estadísticas de respuestas
Superlativo País % Correcto
Población más grande China
100%
Área más grande Rusia
97%
Esperanza de vida más larga Japón
91%
Economía más grande China
86%
Mayor número de hindus India
72%
Punto más alto China/Nepal
69%
Mayor exportador de petróleo Arabia Saudita
60%
Densidad poblacional más pequeña Mongolia
59%
Fuente del mayor número de refugiados Siria
57%
PIB per cápita más grande Catar
55%
Menos democrático Corea del Norte
53%
Densidad poblacional más grande Singapur
52%
Esperanza de vida más corta Afganistán
49%
Edificio más grande Emiratos Árabes Unidos
48%
Mayor número de musulmanes Indonesia
46%
Mayor número de musulmanes chía Irán
46%
Elevación promedia más alta Bután
42%
Mayor número de cristianos Filipinas
40%
Punto más meridional Indonesia
35%
PIB per cápita más pequeño Afganistán
31%
Doblemente aislado del mar Uzbekistán
28%
Punto más bajo Jordania/Israel
26%
Población más pequeña Maldivas
24%
Mayor número de exportaciones per cápita Singapur
22%
No se encontraron pruebas coincidentes
Distribución de puntuación
Porcentaje de gente con cada puntuación
Porcentaje por número respondido
Historial de tus puntuaciones
No has intentado esta prueba.